000 00913nam a2200229 i 4500
001 28448
003 ES-MaACL
005 20250728223042.0
007 t|
008 030117s1961 sp ||||1| spa d
100 1 _aBara Temes, Salvador.
_925274
245 1 3 _aEl "cyperus rotundus" L. y su eliminación por herbicidas /
_cpor Salvador Bara Temes y Andrés Ceballos Jiménez.
260 _a[S.l. :
_bs.n.,
_c1961] (
_eMadrid :
_fTip. Alameda)
300 _a36 p. :
_bil. ;
_c24 cm.
594 _aPrecede al tít.: Ministerio de Agricultura. Dirección General de Montes, Caza y Pesca Fluvial. Instituto Forestal de Investigaciones y Experiencias.
650 4 _aPlagas del campo.
_9136703
700 1 _aCeballos Jiménez, Andrés
_937278
710 2 _aInstituto Forestal de Investigaciones y Experiencias.
_95059
852 _aES-MaACL
_j2022-F-10
852 _aES-MaACL
_j2022-F-9
999 _c28448
_d28448